EÚ a Rusko sa dohodli na energetickom moste, jeho financovanie je však otvorené

Projekt energetického mosta Východ-Západ, ktorý v priebehu nasledujúcich rokov umožní zdvojnásobenie exportu ruského zemného plynu a ropy do EÚ. Nesúlad niektorých krajín EÚ v otázke investovania nevyhnutných prostriedkov na realizáciu projektu. Záujem oboch strán o vypracovanie ekonomickej štúdie v...

Descrizione completa

Salvato in:
Dettagli Bibliografici
Autore principale: Hirman, Karel
Natura: Capitolo di libro
Lingua:slovacco
Soggetti:
Tags: Aggiungi Tag
Nessun Tag, puoi essere il primo ad aggiungerne!!

MARC

LEADER 00000naa a2200000 4500
001 r039902
005 20230921110331.4
041 0 |a slo 
044 |a SK 
245 1 0 |a EÚ a Rusko sa dohodli na energetickom moste, jeho financovanie je však otvorené  |c Karel Hirman 
520 |a Projekt energetického mosta Východ-Západ, ktorý v priebehu nasledujúcich rokov umožní zdvojnásobenie exportu ruského zemného plynu a ropy do EÚ. Nesúlad niektorých krajín EÚ v otázke investovania nevyhnutných prostriedkov na realizáciu projektu. Záujem oboch strán o vypracovanie ekonomickej štúdie výstavby plynovodu. Plyn by mal integrovať EÚ a Rusko. Snaha Ruska kontrolovať ukrajinskú plynovodnú sieť. 
610 2 0 |a energetika 
610 2 0 |a plynovody 
610 2 0 |a plyn zemný 
610 2 0 |a ropa 
610 2 0 |a financovanie 
610 2 0 |a investovanie 
610 2 0 |a Európska únia 
610 2 0 |a Rusko 
610 2 0 |a Ukrajina 
100 1 |a Hirman, Karel